Coordenadas epistemológicas de la educación superior / (Record no. 21341)

000 -CABECERA
fixed length control field 01198nam a22002537a 4500
003 - IDENTIFICADOR DEL NÚMERO DE CONTROL
control field AR-CdUCM
008 - DATOS DE LONGITUD FIJA--INFORMACIÓN GENERAL
fixed length control field 190415b ||||| |||| 00| 0 spa d
020 ## - NÚMERO INTERNACIONAL ESTÁNDAR DEL LIBRO
ISBN 9786124790508
040 ## - FUENTE DE LA CATALOGACIÓN
Agencia/entidad que catalogó originalmente la obra MUNICIPALIDAD PROVINCIAL DEL CUSCO
Entidad que transcribió la catalogación BIBLIOTECA MUNICIPAL DEL CUSCO
082 ## - NÚMERO DE LA CLASIFICACIÓN DECIMAL DEWEY
No. de Clasificación 373/A29
Notacion interna A29
100 ## - ENTRADA PRINCIPAL--NOMBRE DE PERSONA
Nombre Personal Agramonte Rosell, Regina de la Caridad
245 ## - MENCIÓN DE TÍTULO
Título Coordenadas epistemológicas de la educación superior /
260 ## - PUBLICACIÓN, DISTRIBUCIÓN, ETC.
Lugar de publicación, distribución, etc. Lima ;
Nombre de la editorial, distribuidor, etc. Intik'anchay,
Fecha de publicación, distribución, etc. 2018.
300 ## - DESCRIPCIÓN FÍSICA
Nº de Páginas Extensión 126 Páginas. :
Dimensiones 20 cm.
505 ## - NOTA DE CONTENIDO CON FORMATO
Nota de contenido formateada Contenido: Análisis Espistemológico de la Matriz de consistencia y la operacionalización de variables y su relación con el proyecto de investigación -- Investigación universitaria Artes, Literatura y Ciencias -- Aprendizaje autónomo en contextos universitarios -- Comprensión de textos escritos razones para la polémica.
650 ## - PUNTO DE ACCESO ADICIONAL DE MATERIA--TÉRMINO DE MATERIA
Descriptor Métodos de investigación
9 (RLIN) 14974
650 ## - PUNTO DE ACCESO ADICIONAL DE MATERIA--TÉRMINO DE MATERIA
Descriptor Metodología de la investigación
9 (RLIN) 5165
650 ## - PUNTO DE ACCESO ADICIONAL DE MATERIA--TÉRMINO DE MATERIA
Descriptor Diseño de análisis
9 (RLIN) 32087
650 ## - PUNTO DE ACCESO ADICIONAL DE MATERIA--TÉRMINO DE MATERIA
Descriptor Fases de la investigacion
9 (RLIN) 32088
650 ## - PUNTO DE ACCESO ADICIONAL DE MATERIA--TÉRMINO DE MATERIA
Descriptor Investigación universitaria
9 (RLIN) 44246
710 ## - PUNTO DE ACCESO ADICIONAL--NOMBRE DE ENTIDAD CORPORATIVA
Nombre corporativo (En letras Mayúsculas) Universidad Peruana Austral del Cusco
9 (RLIN) 44503
942 ## - ELEMENTOS DE PUNTO DE ACCESO ADICIONAL (KOHA)
Fuente de clasificación
Tipo de item Libros-BMC
945 ## - PROCESAMIENTO DE INFORMACIÓN LOCAL (OCLC)
Catalogador Roel
Holdings
Estado de retiro (separado) Fuente de clasificación o esquema de estanterías Estado dañado Ubicación Sala donde se ubica Nombre de la colección Fecha de adquisición o compra Fuente de adquisición Costo, precio normal en soles Signatura topográfica Código de Barras Última vez visto (Koha) Tipo de ítem (Koha)
No     Sala Humanidades Sala Humanidades Book Cart 2020-02-25 Donación 10.00 373/A29 SH0000015709 2020-02-25 Libros-BMC
No     Sala Humanidades Sala Humanidades Book Cart 2020-02-25 Donación 10.00 373/A29/e.2 SH0000015710 2020-02-25 Libros-BMC

Powered by Koha